banner-ar

The modern Middle East : (Record no. 60596)

MARC details
000 -الفاتح
حقل البيانات ثابتة الطول 00693nam a22002297a 4500
005 - وقت وتاريخ اخر تعامل مع التسجيلة
رقم الضبط 20240530110418.0
008 - عناصر البيانات ثابتة الطول - معلومات عامة
حقل البيانات ثابتة الطول 150309s2004 xxu g 000 0 eng d
020 ## - الرقم الدولى المعيارى للكتب
الرقم الدولى المعيارى للكتاب 1860649637
035 ## - رقم ضبط النظام
رقم ضبط النظام (OCoLC)54833478
040 ## - مصدر الفهرسة
وكالة الفهرسة الأصلية EG-CaGPL
وكالة النسخ EG-CaGPL
082 04 - رقم تصنيف ديوى العشرى
رقم الطبعة 21
رقم التصنيف 956\
رقم المادة H M
245 04 - بيان العنوان
العنوان The modern Middle East :
بقية العنوان a reader /
بيان المسئوليه,etc edited by Albert Hourani, Philip Khoury, and Mary C. Wilson.
250 ## - بيان الطبعة
بيان الطبعة 2nd ed.
260 ## - PUBLICATION, DISTRIBUTION, ETC. (IMPRINT)
تاريخ النشر أو التوزيع 2004.
300 ## - الوصف المادى
التعداد xi, 680 p. ؛
أبعاد الوعاء 24 sm
651 #0 - المدخل الاضافى بالموضوع - اسم جغرافى
مصدر الرأس أو المصطلح Middle East
التقسيم الفرعي العام History
التقسيم الفرعي الزمني 20th century.
700 1# - المدخل الاضافى - اسم شخصى
الإسم الشخصى Hourani, Albert Habib.
700 1# - المدخل الاضافى - اسم شخصى
الإسم الشخصى Wilson, Mary Christina,
700 1# - المدخل الاضافى - اسم شخصى
الإسم الشخصى Khoury, Philip Shukry,
942 ## - عناصر المدخل الإضافي( كوها)
مصدر التصنيف او مخطط الترفيف Dewey Decimal Classification
Koha [default] item type كتاب
260 ## - PUBLICATION, DISTRIBUTION, ETC. (IMPRINT)
-- London :
-- I.B. Tauris,
Holdings
حالة التراجع حالة الفقد مصدر التصنيف او خطة الترفيف حالة تلف ليس للاعارة المكان المؤقت الموقع الحالى تاريخ الاكتساب اجمالي اﻻعارات رقم الطلب الباركود تاريخ اخر مشاهدة تاريخ تفعيل السعر نوع وعاء كوها
    ddc     مكتبة القاهرة الكبرى مكتبة القاهرة الكبرى 03/09/2015   956\ H M 159694 03/09/2015 03/09/2015 كتاب

Powered By

EGPV